Elecciones y abstinencionismo en América Latina
En el artículo, se señala la situación de las democracias electorales en la región, así como el estado de algunos derechos políticos de los ciudadanos. El estudio coloca en el debate el tema de la distancia, cada vez mayor, entre los partidos políticos y la población
Na minha lista:
| Formato: | Texto |
|---|---|
| Assuntos: | |
| Tags: |
Adicionar Tag
Sem tags, seja o primeiro a adicionar uma tag!
|
MARC
| LEADER | 00000 a a2200000 04500 | ||
|---|---|---|---|
| 001 | 6831 | ||
| 003 | |||
| 040 | |||
| 245 | |a Elecciones y abstinencionismo en América Latina | ||
| 520 | |a En el artículo, se señala la situación de las democracias electorales en la región, así como el estado de algunos derechos políticos de los ciudadanos. El estudio coloca en el debate el tema de la distancia, cada vez mayor, entre los partidos políticos y la población | ||
| 650 | |a ELECCIONES | ||
| 650 | |a DERECHOS HUMANOS | ||
| 650 | |a POLITICA | ||
| 650 | |a DEMOCRACIA | ||
| 650 | |a PARTIDOS POLITICOS | ||
| 650 | |a SOCIEDAD | ||
| 773 | |g volumen 28, número 1251; páginas 4-5 | ||
| 999 | |c 23796 |d 23796 | ||
